[Event "HUN-chT2 Erkel 1314"]
[Site "Hungary"]
[Date "2014.03.23"]
[Round "9.8"]
[White "Vamosi, Laszlo Jr"]
[Black "Gorcsi, Gabor"]
[Result "1/2-1/2"]
[WhiteElo "1935"]
[BlackElo "1938"]
[PlyCount "34"]
[EventDate "2013.09.08"]
[EventType "team-tourn"]
[EventRounds "11"]
[EventCountry "HUN"]
[SourceTitle "EXT 2016"]
[Source "ChessBase"]
[SourceDate "2015.10.08"]
[SourceVersion "1"]
[SourceVersionDate "2015.10.08"]
[SourceQuality "1"]
[WhiteTeam "Andornaktalya"]
[BlackTeam "Paszto"]
[WhiteTeamCountry "HUN"]
[BlackTeamCountry "HUN"]

1. e4 c5 2. f4 Nc6 3. Nf3 g6 4. d4 cxd4 5. Nxd4 Bg7 6. Nxc6 bxc6 7. c3 e5 8. Qd6 Qf6 9. Qxe5+ Qxe5 10. fxe5 Bxe5 11. Bc4 Nf6 12. 0-0 0-0 13. Bf4 Ng4 14. Nd2 Bxf4 15. Rxf4 Ne5 16. Be2 Rb8 17. b3 d6 1/2-1/2